000 00478nam a2200169Ia 4500
003 GCL
008 140319s9999 xx 000 0 eng d
040 _aGCL /
_cGCL
082 0 4 _a025.06
_bK P
100 1 _aKOCHEM, BOB
245 1 0 _aPROGRAMMER'S GUIDE TO ON LINE RESOURCES /
_cKOCHEM, BOB
260 _a[S.N] :
_bJOHN WILEY AND SONS. INC ،
_c1996
300 _a354 P
650 0 4 _aCOMPUTER NETWORK RESOURCES
650 0 4 _aCOMPUTER SOFTWARE - DEVELOPMENT
942 _2ddc
_cBK
999 _c13173
_d13173